000 03165cam a22004574i 4500
003 PE-LiUPU
005 20250731165420.0
008 151218s2010 pe a grm 000 0 spa d
035 _a(Sirsi) a155577
040 _aPE-LiUPU
_bspa
_cPE-LiUPU
_erda
082 0 4 _a677.3285613
_bP26 T3
099 _aTA 3
_bP26 2010
100 1 _aParedes Monrroy, Abraham Milton
_eautor
245 1 _aIncidencia de la implementación de una planta productora de fibra de alpaca para la mejora en el ingreso económico de la Provincia de Espinar - Cusco /
_cAbrahan Milton Paredes Monrroy.
264 0 _c2010.
300 _a199 hojas
_c30 cm
336 _atext
_2rdacontent
337 _aunmediated
_2rdamedia
338 _avolume
_2rdacarrier
502 _aTesis
_b(Mg.) --
_cUniversidad Peruana Unión,
_d2010.
504 _aIncluye referencias
520 3 _aA partir de la experiencia en una planta similar procesadora de fibra de alpaca en Arequipa, la misma que cuenta con instalaciones, infraestructura, organización, producción, comercialización, etc. Y contando con la información estadística formal existente de la realidad de Espinar, tener una isita técnica a Yauri capital de Espinar junto a entrevistas con las autoridades; se establecerán todos los parámetros necesarios para el desarrollo de un proyecto de inversión según el convenio marco con la empresa minera Xtrata Tintaya; cuidando abarcar todos los campos técnicos que permitan establecer una solución empresarial (empresa privada y el estado); para juntos ejecutar en el mediano plazo una nueva planta procesadora de fibra de alpaca en la localidad de Yauri (capital de la provincia de Espinar Cusco Perú). De la revisión inicial de todos los parámetros económicos de la provincia de Espinar, se comprobó al 2007. Que la situación en la que se encuentran los distintos distritos de la provincia de Espinar va de 35 al 65 por ciento de medición de extrema pobreza. Haciendo una proyección de las nuevas condiciones en que se encontrarían los distritos d ella provincia de Espinar, una vez que se desarrolle el proyecto de inversión "planta procesadora de fibra de alpaca en espinar", se proyecta tener un resultado al año 2016, que los niveles de pobreza se reducirán a valores que fluctúen entre 25 al 50 por ciento de medición de extrema pobreza entre los distintos distritos de Espinar. La propuesta de este proyecto tiene un alto porcentaje de éxito, el cual redundará en la mejora de los ingresos económicos de los pobladores de Espinar.
526 _aSEG44
526 _aSEG26
526 _aP151
526 _aP150
526 _aP149
526 _aP146
526 _aP145
526 _aP126
526 _aP125
526 _aP92
526 _aP75
526 _aP74
526 _aP27
526 _aP15
650 0 4 _aFibras de alpaca
_xProducción y consumo
_vTesis. Fibras textiles
_xAspectos económicos
_zPerú
_zEspinar (Cus.)
_vTesis.
596 _a1
942 _2ddc
_cTESIS
999 _aTA 3 P26 2010
_wALPHANUM
_c8253
_iT01169
_lCCODEBUL3
_mBUL
_r1
_sY
_tTESIS
_u2015-12-18
_xPOSGRADO
_PP47
_o.STAFF. Tesis
_d8253
980 _81
_gALBERTO SANCHEZ Responsable de Automatización